2015 UCL final starting lineup - Statistics

General Stats
  • This quiz has been taken 49 times
  • The average score is 16 of 22
Answer Stats
Hint Answer % Correct
RW Messi
100%
LW Neymar
100%
ST Suarez
100%
CM Iniesta
98%
GK Ter Stegen
98%
GK Buffon
95%
DM Busquets
95%
CB Piqué
93%
LB Alba
88%
RB Alves
83%
CM Rakitić
83%
CB Mascherano
71%
CB Bonucci
69%
DM Pirlo
69%
CM Pogba
64%
ST Morata
60%
ST Tevez
52%
AM Vidal
50%
CM Marchisio
48%
CB Barzagli
45%
LB Evra
45%
RB Lichtsteiner
31%
No matching quizzes found
Score Distribution
Percent of People with Each Score
Percentile by Number Answered
Your Score History
You have not taken this quiz